Tìm hiểu các văn bản pháp luật về thuế

Đã lưu trong:
Sonraí Bibleagrafaíochta
Príomhúdar: Huỳnh, Văn Hoài
Formáid: Leabhar
Teanga:Undetermined
Foilsithe: Hà Nội Thống Kê 2001
Ábhair:
Clibeanna: Cuir Clib Leis
Gan Chlibeanna, Bí ar an gcéad duine leis an taifead seo a chlibeáil!
Thư viện lưu trữ: Trung tâm Học liệu Trường Đại học Cần Thơ
LEADER 00606nam a2200205Ia 4500
001 CTU_41692
008 210402s9999 xx 000 0 und d
020 |c 270000 
082 |a 343.04 
082 |b H404 
100 |a Huỳnh, Văn Hoài 
245 0 |a Tìm hiểu các văn bản pháp luật về thuế 
245 0 |c Huỳnh Văn Hoài 
260 |a Hà Nội 
260 |b Thống Kê 
260 |c 2001 
650 |a Taxation ( vietnamese law ),Taxation 
650 |x Law and legislation 
904 |i Minh, 010604 
980 |a Trung tâm Học liệu Trường Đại học Cần Thơ